000 00466nam a2200169Ia 4500
999 _c439
_d439
003 OSt
005 20210910103101.0
008 190216s9999||||xx |||||||||||||| ||und||
040 _coclc
082 _a491.439
_bSHE/A
100 _aSher, Afzal Ahmad
_98830
245 0 _aAsan Urdu /
_cAfzal Ahmad Sher
260 _bIndian Open University Books,
_c1985.
300 _a49p
650 _aArabic
942 _cBK
_2ddc
_h491.439
_iSHE/A
_k491.439
_mSHE/A